<?xml version="1.0" encoding="UTF-8"?>
<record
    xmlns:xsi="http://www.w3.org/2001/XMLSchema-instance"
    xsi:schemaLocation="http://www.loc.gov/MARC21/slim http://www.loc.gov/standards/marcxml/schema/MARC21slim.xsd"
    xmlns="http://www.loc.gov/MARC21/slim">

  <leader>02194    a2200277   4500</leader>
  <controlfield tag="003">NALT</controlfield>
  <controlfield tag="005">20260204124153.0</controlfield>
  <controlfield tag="008">210623b        th ||||| |||| 00| 0 tha d</controlfield>
  <datafield tag="020" ind1=" " ind2=" ">
    <subfield code="a">9786160835188</subfield>
  </datafield>
  <datafield tag="040" ind1=" " ind2=" ">
    <subfield code="a">NALT</subfield>
  </datafield>
  <datafield tag="050" ind1=" " ind2=" ">
    <subfield code="a">HD 37</subfield>
    <subfield code="b">&#xE2A;234&#xE2D; 2562</subfield>
  </datafield>
  <datafield tag="100" ind1="0" ind2=" ">
    <subfield code="a">&#xE2A;&#xE21;&#xE04;&#xE34;&#xE14; &#xE1A;&#xE32;&#xE07;&#xE42;&#xE21;</subfield>
    <subfield code="9">9071</subfield>
  </datafield>
  <datafield tag="245" ind1="1" ind2="0">
    <subfield code="a">&#xE2D;&#xE07;&#xE04;&#xE4C;&#xE01;&#xE32;&#xE23;&#xE41;&#xE25;&#xE30;&#xE01;&#xE32;&#xE23;&#xE08;&#xE31;&#xE14;&#xE01;&#xE32;&#xE23; /</subfield>
    <subfield code="c">&#xE2A;&#xE21;&#xE04;&#xE34;&#xE14; &#xE1A;&#xE32;&#xE07;&#xE42;&#xE21;.</subfield>
  </datafield>
  <datafield tag="246" ind1="3" ind2="1">
    <subfield code="a">Organization and Management.</subfield>
  </datafield>
  <datafield tag="260" ind1=" " ind2=" ">
    <subfield code="a">&#xE01;&#xE23;&#xE38;&#xE07;&#xE40;&#xE17;&#xE1E;&#xE2F; :</subfield>
    <subfield code="b">&#xE0B;&#xE35;&#xE40;&#xE2D;&#xE47;&#xE14;&#xE22;&#xE39;&#xE40;&#xE04;&#xE0A;&#xE31;&#xE48;&#xE19;,</subfield>
    <subfield code="c">2562.</subfield>
  </datafield>
  <datafield tag="300" ind1=" " ind2=" ">
    <subfield code="a">394 &#xE2B;&#xE19;&#xE49;&#xE32; :</subfield>
    <subfield code="b">&#xE20;&#xE32;&#xE1E;&#xE1B;&#xE23;&#xE30;&#xE01;&#xE2D;&#xE1A;, &#xE15;&#xE32;&#xE23;&#xE32;&#xE07;, &#xE41;&#xE1C;&#xE19;&#xE20;&#xE39;&#xE21;&#xE34; ;</subfield>
    <subfield code="c">25 &#xE0B;&#xE21;.</subfield>
  </datafield>
  <datafield tag="505" ind1="2" ind2=" ">
    <subfield code="a">&#xE1A;&#xE17;&#xE17;&#xE35;&#xE48; 1 &#xE04;&#xE27;&#xE32;&#xE21;&#xE23;&#xE39;&#xE49;&#xE17;&#xE31;&#xE48;&#xE27;&#xE44;&#xE1B;&#xE40;&#xE01;&#xE35;&#xE48;&#xE22;&#xE27;&#xE01;&#xE31;&#xE1A;&#xE2D;&#xE07;&#xE04;&#xE4C;&#xE01;&#xE32;&#xE23; -- &#xE1A;&#xE17;&#xE17;&#xE35;&#xE48; 2 &#xE17;&#xE24;&#xE29;&#xE0F;&#xE35;&#xE2D;&#xE07;&#xE04;&#xE4C;&#xE01;&#xE32;&#xE23; -- &#xE1A;&#xE17;&#xE17;&#xE35;&#xE48; 3 &#xE01;&#xE32;&#xE23;&#xE40;&#xE1B;&#xE25;&#xE35;&#xE48;&#xE22;&#xE19;&#xE41;&#xE1B;&#xE25;&#xE07;&#xE2D;&#xE07;&#xE04;&#xE4C;&#xE01;&#xE32;&#xE23; -- &#xE1A;&#xE17;&#xE17;&#xE35;&#xE48; 4 &#xE04;&#xE27;&#xE32;&#xE21;&#xE23;&#xE39;&#xE49;&#xE40;&#xE1A;&#xE37;&#xE49;&#xE2D;&#xE07;&#xE15;&#xE49;&#xE19;&#xE40;&#xE01;&#xE35;&#xE48;&#xE22;&#xE27;&#xE01;&#xE31;&#xE1A;&#xE01;&#xE32;&#xE23;&#xE08;&#xE31;&#xE14;&#xE01;&#xE32;&#xE23; -- &#xE1A;&#xE17;&#xE17;&#xE35;&#xE48; 5 &#xE01;&#xE32;&#xE23;&#xE27;&#xE32;&#xE07;&#xE41;&#xE1C;&#xE19; -- &#xE1A;&#xE17;&#xE17;&#xE35;&#xE48; 6 &#xE01;&#xE32;&#xE23;&#xE08;&#xE31;&#xE14;&#xE2D;&#xE07;&#xE04;&#xE4C;&#xE01;&#xE32;&#xE23; -- &#xE1A;&#xE17;&#xE17;&#xE35;&#xE48; 7 &#xE01;&#xE32;&#xE23;&#xE08;&#xE31;&#xE14;&#xE01;&#xE32;&#xE23;&#xE07;&#xE32;&#xE19;&#xE1A;&#xE38;&#xE04;&#xE04;&#xE25; -- &#xE1A;&#xE17;&#xE17;&#xE35;&#xE48; 8 &#xE01;&#xE32;&#xE23;&#xE2D;&#xE33;&#xE19;&#xE27;&#xE22;&#xE01;&#xE32;&#xE23; -- &#xE1A;&#xE17;&#xE17;&#xE35;&#xE48; 9 &#xE01;&#xE32;&#xE23;&#xE04;&#xE27;&#xE1A;&#xE04;&#xE38;&#xE21;&#xE07;&#xE32;&#xE19; -- &#xE1A;&#xE17;&#xE17;&#xE35;&#xE48; 10 &#xE20;&#xE32;&#xE27;&#xE30;&#xE1C;&#xE39;&#xE49;&#xE19;&#xE33;&#xE01;&#xE31;&#xE1A;&#xE01;&#xE32;&#xE23;&#xE08;&#xE31;&#xE14;&#xE01;&#xE32;&#xE23; -- &#xE1A;&#xE17;&#xE17;&#xE35;&#xE48; 11 &#xE01;&#xE32;&#xE23;&#xE17;&#xE33;&#xE07;&#xE32;&#xE19;&#xE40;&#xE1B;&#xE47;&#xE19;&#xE17;&#xE35;&#xE21; -- &#xE1A;&#xE17;&#xE17;&#xE35;&#xE48; 12 &#xE01;&#xE32;&#xE23;&#xE1A;&#xE23;&#xE34;&#xE2B;&#xE32;&#xE23;&#xE04;&#xE27;&#xE32;&#xE21;&#xE02;&#xE31;&#xE14;&#xE41;&#xE22;&#xE49;&#xE07; -- &#xE1A;&#xE17;&#xE17;&#xE35;&#xE48; 13 &#xE41;&#xE19;&#xE27;&#xE04;&#xE27;&#xE32;&#xE21;&#xE04;&#xE34;&#xE14;&#xE01;&#xE32;&#xE23;&#xE1A;&#xE23;&#xE34;&#xE2B;&#xE32;&#xE23;&#xE2A;&#xE21;&#xE31;&#xE22;&#xE43;&#xE2B;&#xE21;&#xE48; -- &#xE1A;&#xE17;&#xE17;&#xE35;&#xE48; 14 &#xE01;&#xE32;&#xE23;&#xE08;&#xE31;&#xE14;&#xE01;&#xE32;&#xE23;&#xE23;&#xE30;&#xE2B;&#xE27;&#xE48;&#xE32;&#xE07;&#xE1B;&#xE23;&#xE30;&#xE40;&#xE17;&#xE28;.</subfield>
  </datafield>
  <datafield tag="650" ind1=" " ind2="4">
    <subfield code="9">3933</subfield>
    <subfield code="a">&#xE01;&#xE32;&#xE23;&#xE08;&#xE31;&#xE14;&#xE01;&#xE32;&#xE23;&#xE2D;&#xE07;&#xE04;&#xE4C;&#xE01;&#xE32;&#xE23;</subfield>
  </datafield>
  <datafield tag="650" ind1=" " ind2="4">
    <subfield code="9">22015</subfield>
    <subfield code="a">&#xE01;&#xE32;&#xE23;&#xE1A;&#xE23;&#xE34;&#xE2B;&#xE32;&#xE23;&#xE2D;&#xE07;&#xE04;&#xE4C;&#xE01;&#xE32;&#xE23;</subfield>
  </datafield>
  <datafield tag="850" ind1=" " ind2=" ">
    <subfield code="a">NALT</subfield>
  </datafield>
  <datafield tag="942" ind1=" " ind2=" ">
    <subfield code="2">lcc</subfield>
    <subfield code="c">GB</subfield>
  </datafield>
  <datafield tag="996" ind1=" " ind2=" ">
    <subfield code="a">bkk407106</subfield>
    <subfield code="b">ACQSTF</subfield>
    <subfield code="c">2025-11-20</subfield>
  </datafield>
  <datafield tag="996" ind1=" " ind2=" ">
    <subfield code="a">varee.k</subfield>
    <subfield code="b">LIBSTF</subfield>
    <subfield code="c">2025-11-25</subfield>
  </datafield>
  <datafield tag="996" ind1=" " ind2=" ">
    <subfield code="a">saiphon.d</subfield>
    <subfield code="b">CATSTF	</subfield>
    <subfield code="c">2025-12-02</subfield>
  </datafield>
  <datafield tag="999" ind1=" " ind2=" ">
    <subfield code="c">98297</subfield>
    <subfield code="d">98297</subfield>
  </datafield>
  <datafield tag="998" ind1=" " ind2=" ">
    <subfield code="j">111</subfield>
    <subfield code="k"> &#xE19;&#xE32;&#xE07;&#xE2A;&#xE32;&#xE27;&#xE1E;&#xE08;&#xE1E;&#xE34;&#xE13;  &#xE1E;&#xE23;&#xE21;&#xE40;&#xE2D;&#xE35;&#xE48;&#xE22;&#xE21;</subfield>
  </datafield>
  <datafield tag="952" ind1=" " ind2=" ">
    <subfield code="0">0</subfield>
    <subfield code="1">0</subfield>
    <subfield code="2">lcc</subfield>
    <subfield code="4">0</subfield>
    <subfield code="7">0</subfield>
    <subfield code="8">CGBL</subfield>
    <subfield code="a">NALT</subfield>
    <subfield code="b">NALT</subfield>
    <subfield code="c">GEN</subfield>
    <subfield code="d">2021-06-02</subfield>
    <subfield code="e">3</subfield>
    <subfield code="l">5</subfield>
    <subfield code="m">4</subfield>
    <subfield code="o">HD 37 &#xE2A;234&#xE2D; 2562</subfield>
    <subfield code="p">3961212038</subfield>
    <subfield code="r">2026-02-18 00:00:00</subfield>
    <subfield code="s">2026-02-04</subfield>
    <subfield code="t">&#xE09;.1</subfield>
    <subfield code="w">2021-06-02</subfield>
    <subfield code="y">GB</subfield>
  </datafield>
  <datafield tag="952" ind1=" " ind2=" ">
    <subfield code="0">0</subfield>
    <subfield code="1">0</subfield>
    <subfield code="2">lcc</subfield>
    <subfield code="4">0</subfield>
    <subfield code="7">0</subfield>
    <subfield code="8">CGBL</subfield>
    <subfield code="a">NALT</subfield>
    <subfield code="b">NALT</subfield>
    <subfield code="c">GEN</subfield>
    <subfield code="d">2025-11-19</subfield>
    <subfield code="l">1</subfield>
    <subfield code="m">1</subfield>
    <subfield code="o">HD 37 &#xE2A;234&#xE2D; 2562</subfield>
    <subfield code="p">3961215940</subfield>
    <subfield code="r">2026-01-30 00:00:00</subfield>
    <subfield code="s">2026-01-19</subfield>
    <subfield code="t">&#xE09;.2</subfield>
    <subfield code="w">2025-11-19</subfield>
    <subfield code="y">GB</subfield>
  </datafield>
</record>
